000 00453nam a2200169Ia 4500
008 230524s9999 xx 000 0 und d
020 _a8121912482
082 _a658.45
_bBHA
100 _aV.K.Bhalla
245 0 _aInvestment Management: Security Analysis and Portfolio Management 15th Rev ed.
250 _aIST
260 _aNEW DELHI
_bS.Chand
_c2008
300 _aXV;1104
500 _aQuantity Number: 12
650 _aManagement
942 _cBK
999 _c42743
_d42743